01415 2200325 4500001002100000005001500021035002000036007000300056008004100059020002100100082001100121084002000132100002900152245019200181250003600373300004200409650003300451700004000484520034700524264004800871336002100919337003000940338002300970990001600993990001601009990001601025990001601041990001601057990001601073INLIS00000000116248920221101040346 a0010-1122000024ta221101 e 0 ind  a978-623-6143-308 a371.39 aSR 371.39 JAJ p0 aJajat Munajatepengarang1 aPembelajaran siswa berbasis literasi sebuah alternatif pembelajaran di era milenial mata pelajaran ilmu pengetahuan sosial kelas VIII /cJajat Munajat; penyunting, Enjah Takari Rukmansyah acetakan pertama : februari 2021 avii, 55 halaman :bilustrasi ;c23 cm 4aMontesori, metode pendidikan0 aEnjah Takari Rukmansyahepenyunting abuku ini mencakup tiga materi pokok, yaitu :keunggulan dan keterbatasan antarruang di indonesia, peran pelaku ekonomi di Indonesia, dan penguatan ekonomi maritim di Indonesia dan negara-negara ASEAN". pengetahuan tentang ketiga materi ini diperlukan menjadi kerangka analisis guru terhadap siswa untuk lebih peka terhadap perkembangan terkini aYogyakarta :bBintang Pustaka Madani,c2021 2rdacontentateks 2rdamediaatanpa perantara 2rdacarrieravolume a50479.63299 a50480.63300 a50480.63300 a50479.63299 a50479.63299 a50480.63300